| 000 | 00752nam 22002533 4500 | ||
|---|---|---|---|
| 001 | 202034 | ||
| 010 | _a978-989-23-1623-9 | ||
| 021 |
_aPT _b332653/11 |
||
| 090 | _a202034 | ||
| 100 | _a20260505d u||y0pory50 ba | ||
| 101 | _apor | ||
| 102 | _aPT | ||
| 200 |
_aO livro que se lê de olhos fechados _fÁlvaro Magalhães _gilustração Carlos J. Campos |
||
| 205 | _a1ª | ||
| 210 |
_aLisboa _cEdições ASA _d2011 |
||
| 215 |
_a109, [3] p. _cil. ; brochado _d19 cm |
||
| 225 |
_aNovas Crónicas do Vampiro Valentim _h11 |
||
| 606 |
_951 _aLiteratura Juvenil Portuguesa |
||
| 675 |
_a821.134.3-93 _vPT _zpor |
||
| 700 |
_9902 _aMagalhães _bÁlvaro _f1951- |
||
| 702 |
_92292 _aCampos _bCarlos J. |
||
| 801 |
_aPT _bBMMN _gRPC |
||
| 830 | _cIsabel | ||
| 990 | _cLIVROS | ||